[Event "Barcelona Sant Marti op 11th"]
[Site "Barcelona"]
[Date "2024.01.18"]
[Round "2"]
[White "Permanyer Ugartemendia, Inaki"]
[Black "Garcia Arias, Pablo"]
[Result "0-1"]
[WhiteElo "1729"]
[BlackElo "1420"]
[PlyCount "50"]
[EventDate "2024.01.11"]
[EventType "swiss"]
[EventRounds "9"]
[EventCountry "ESP"]
[SourceTitle "CBM 219 Extra"]
[Source "ChessBase"]
[SourceDate "2024.05.31"]
[SourceVersion "1"]
[SourceVersionDate "2024.05.31"]
[SourceQuality "1"]

1. d4 Nf6 2. c4 g6 3. Nc3 Bg7 4. e4 d6 5. Nf3 0-0 6. Be2 e5 7. d5 Nbd7 8. 0-0 Ne8 9. Qc2 f5 10. b4 f4 11. Ba3 Rf7 12. c5 Bf8 13. cxd6 cxd6 14. Rac1 g5 15. Nd2 Ndf6 16. f3 Rg7 17. Bb5 g4 18. Qa4 gxf3 19. Rxf3 Qb6+ 20. Kh1 Ng4 21. Nc4 Nf2+ 22. Kg1 Nh3+ 23. Kf1 Qg1+ 24. Ke2 Rxg2+ 25. Kd3 Qd4# 0-1

[Event "Barcelona Sant Marti op 10th"]
[Site "Barcelona"]
[Date "2023.01.12"]
[Round "1"]
[White "Carrasco Pedro, Jose Maria"]
[Black "Permanyer Ugartemendia, Inaki"]
[Result "0-1"]
[WhiteElo "1131"]
[BlackElo "1729"]
[PlyCount "58"]
[EventDate "2023.01.12"]
[EventType "swiss"]
[EventRounds "9"]
[EventCountry "ESP"]
[SourceTitle "CBM 213 Extra"]
[Source "ChessBase"]
[SourceDate "2023.05.31"]
[SourceVersion "1"]
[SourceVersionDate "2023.05.31"]
[SourceQuality "1"]

1. d4 d5 2. Bf4 Nf6 3. e3 e6 4. Nf3 Nbd7 5. Bd3 c5 6. c3 Be7 7. 0-0 0-0 8. h3 b6 9. Nbd2 Bb7 10. Re1 Ne4 11. Bxe4 dxe4 12. Ne5 Rc8 13. Ndc4 Nf6 14. a3 Nd5 15. Qg4 Nxf4 16. Qxf4 f6 17. Ng4 cxd4 18. cxd4 Rxc4 19. Rad1 Bd6 20. Nh6+ gxh6 21. Qxh6 Qe7 22. Qh5 f5 23. Qe2 Rfc8 24. Rd2 Qc7 25. g3 Rc2 26. Red1 Rxd2 27. Rxd2 Bd5 28. Rd1 Bb3 29. Rf1 Bc4 0-1

[Event "Barcelona Sant Marti op 8th"]
[Site "Barcelona"]
[Date "2019.01.17"]
[Round "1"]
[White "Anguera Maestro, Jaime"]
[Black "Permanyer Ugartemendia, Inaki"]
[Result "1/2-1/2"]
[WhiteElo "2112"]
[BlackElo "1730"]
[PlyCount "104"]
[EventDate "2019.01.17"]
[EventType "swiss"]
[EventRounds "9"]
[EventCountry "ESP"]
[SourceTitle "CBM 189 Extra"]
[Source "ChessBase"]
[SourceDate "2019.05.31"]
[SourceVersion "1"]
[SourceVersionDate "2019.05.31"]
[SourceQuality "1"]

1. d4 d5 2. Nf3 Nf6 3. Bf4 e6 4. e3 Be7 5. Bd3 0-0 6. 0-0 Nbd7 7. h3 b6 8. c4 Bb7 9. Nc3 a6 10. Re1 Rc8 11. cxd5 exd5 12. e4 dxe4 13. Nxe4 Nxe4 14. Bxe4 Bxe4 15. Rxe4 Nf6 16. Re2 c5 17. dxc5 Bxc5 18. Bg5 h6 19. Qxd8 Rfxd8 20. Bxf6 gxf6 21. Rc2 Re8 22. Rd1 Rcd8 23. Rxd8 Rxd8 24. Kf1 a5 25. Ke2 Kf8 26. Rd2 Rxd2+ 27. Nxd2 Ke7 28. Nb3 Bd6 29. Nd4 Be5 30. Kd3 Bxd4 31. Kxd4 Kd6 32. a4 f5 33. f3 f6 34. g4 fxg4 35. fxg4 Kc6 36. Ke4 b5 37. Kf5 bxa4 38. Kxf6 Kc5 39. h4 Kc4 40. g5 hxg5 41. hxg5 Kb3 42. g6 Kxb2 43. g7 a3 44. g8Q a2 45. Qb8+ Kc2 46. Qc7+ Kb1 47. Qb6+ Kc2 48. Qc6+ Kb2 49. Qb5+ Kc2 50. Qe2+ Kb1 51. Qd3+ Kb2 52. Qd4+ Kb1 1/2-1/2

[Event "Barcelona Sant Marti op 7th"]
[Site "Barcelona"]
[Date "2018.02.01"]
[Round "4"]
[White "Del Castillo Lite, Sergio"]
[Black "Permanyer Ugartemendia, Inaki"]
[Result "0-1"]
[WhiteElo "1542"]
[BlackElo "1739"]
[PlyCount "52"]
[EventDate "2018.01.11"]
[EventType "swiss"]
[EventRounds "9"]
[EventCountry "ESP"]
[SourceTitle "EXT 2019"]
[Source "ChessBase"]
[SourceDate "2018.10.10"]
[SourceVersion "1"]
[SourceVersionDate "2018.10.10"]
[SourceQuality "1"]

1. e4 c6 2. Nf3 d5 3. Nc3 Bg4 4. h3 Bh5 5. d4 dxe4 6. Nxe4 e6 7. Bf4 Nf6 8. Bd3 Be7 9. Qe2 0-0 10. 0-0-0 Bxf3 11. gxf3 Qxd4 12. Nxf6+ Qxf6 13. Rhg1 Qxf4+ 14. Kb1 Bf6 15. Rg4 Qe5 16. Qxe5 Bxe5 17. Rdg1 Bf6 18. Bxh7+ Kxh7 19. h4 Nd7 20. h5 Kh6 21. R4g3 Rad8 22. f4 Nc5 23. f5 exf5 24. c4 Rd4 25. Rf3 f4 26. b3 Rfd8 0-1

[Event "Barcelona Primavera La Lira op 10th"]
[Site "Barcelona"]
[Date "2017.05.04"]
[Round "3"]
[White "Permanyer Ugartemendia, Inaki"]
[Black "Orts Gonzalez, Rafael"]
[Result "1-0"]
[WhiteElo "1709"]
[BlackElo "1023"]
[PlyCount "33"]
[EventDate "2017.04.20"]
[EventType "swiss"]
[EventRounds "9"]
[EventCountry "ESP"]
[SourceTitle "EXT 2018"]
[Source "ChessBase"]
[SourceDate "2017.10.13"]
[SourceVersion "1"]
[SourceVersionDate "2017.10.13"]
[SourceQuality "1"]

1. d4 c6 2. c4 Qa5+ 3. Nc3 e5 4. dxe5 Qxe5 5. Nf3 Qh5 6. e4 Bb4 7. Qc2 d5 8. exd5 cxd5 9. a3 Bf5 10. Qa4+ Bd7 11. Qxb4 Nc6 12. Qc5 0-0-0 13. cxd5 Bg4 14. Be2 Nf6 15. 0-0 Be6 16. Ng5 Bxd5 17. Bxh5 1-0

[Event "Barcelona Primavera La Lira op 10th"]
[Site "Barcelona"]
[Date "2017.04.20"]
[Round "1"]
[White "Rojas Fernandez, Andres"]
[Black "Permanyer Ugartemendia, Inaki"]
[Result "1-0"]
[WhiteElo "1991"]
[BlackElo "1709"]
[PlyCount "69"]
[EventDate "2017.04.20"]
[EventType "swiss"]
[EventRounds "9"]
[EventCountry "ESP"]
[SourceTitle "EXT 2018"]
[Source "ChessBase"]
[SourceDate "2017.10.13"]
[SourceVersion "1"]
[SourceVersionDate "2017.10.13"]
[SourceQuality "1"]

1. e4 c6 2. d4 d5 3. Nc3 dxe4 4. Nxe4 Bf5 5. Ng3 Bg6 6. Nf3 Nd7 7. h4 h6 8. h5 Bh7 9. Bd3 Bxd3 10. Qxd3 Ngf6 11. Bd2 e6 12. 0-0-0 Qc7 13. Qe2 0-0-0 14. Ne5 Nxe5 15. dxe5 Nd5 16. Kb1 Bc5 17. f4 Qb6 18. c4 Ba3 19. Ba5 Qxa5 20. cxd5 Bc5 21. d6 Qb6 22. Ne4 Bd4 23. Rh3 c5 24. Rb3 Qc6 25. Nd2 Kd7 26. Nf3 Rc8 27. Rc1 Qd5 28. Qb5+ Kd8 29. Nxd4 cxd4 30. Rxc8+ Kxc8 31. Qxd5 exd5 32. Rb5 Rg8 33. Rc5+ Kd8 34. Rc7 g6 35. Rxb7 1-0

[Event "Barcelona Primavera La Lira op 9th"]
[Site "Barcelona"]
[Date "2016.04.28"]
[Round "4"]
[White "Vallbona Domingo, Joan"]
[Black "Permanyer Ugartemendia, Inaki"]
[Result "1-0"]
[WhiteElo "1922"]
[BlackElo "1656"]
[PlyCount "55"]
[EventDate "2016.04.07"]
[EventType "swiss"]
[EventRounds "9"]
[EventCountry "ESP"]
[SourceTitle "CBM 172 Extra"]
[Source "ChessBase"]
[SourceDate "2016.06.21"]
[SourceVersion "1"]
[SourceVersionDate "2016.06.21"]
[SourceQuality "1"]

1. c4 e5 2. Nc3 Nf6 3. Nf3 Nc6 4. d4 exd4 5. Nxd4 Nxd4 6. Qxd4 Be7 7. g3 0-0 8. Bg2 c6 9. 0-0 d6 10. b3 Bg4 11. Bb2 Qd7 12. Rfe1 Rfe8 13. e4 Bd8 14. Qd2 Ba5 15. a3 Re6 16. b4 Bb6 17. Na4 Qe8 18. Nxb6 axb6 19. f3 Bh5 20. Rad1 Rd8 21. e5 Nd7 22. exd6 Ne5 23. Bxe5 Rxe5 24. Rxe5 Qxe5 25. Re1 Qf5 26. g4 Bxg4 27. fxg4 Qxg4 28. d7 1-0

[Event "Barcelona Primavera La Lira op 8th"]
[Site "Barcelona"]
[Date "2015.05.14"]
[Round "6"]
[White "Palmero Castillo, Marcelino"]
[Black "Permanyer Ugartemendia, Inaki"]
[Result "0-1"]
[WhiteElo "1647"]
[BlackElo "1598"]
[PlyCount "68"]
[EventDate "2015.04.09"]
[EventType "swiss"]
[EventRounds "9"]
[EventCountry "ESP"]
[SourceTitle "CBM 166 Extra"]
[Source "ChessBase"]
[SourceDate "2015.06.18"]
[SourceVersion "1"]
[SourceVersionDate "2015.06.18"]
[SourceQuality "1"]

1. Nf3 d5 2. d4 Nf6 3. Bf4 e6 4. e3 Bd6 5. Bg3 Bxg3 6. hxg3 Nbd7 7. Bd3 b6 8. Nbd2 Bb7 9. Bb5 0-0 10. Qe2 c5 11. c3 a6 12. Ba4 b5 13. Bc2 Qc7 14. Nh2 cxd4 15. exd4 b4 16. Rc1 bxc3 17. bxc3 e5 18. Ng4 Rfe8 19. Nxf6+ Nxf6 20. Kf1 exd4 21. Bxh7+ Kf8 22. Qd3 dxc3 23. Rxc3 Qe5 24. Nf3 Qe7 25. Bf5 g6 26. Bxg6 fxg6 27. Qxg6 Qg7 28. Qxg7+ Kxg7 29. Rc7+ Kg8 30. Rxb7 Rac8 31. Rb1 Rc2 32. Re1 Ne4 33. Re2 Rxe2 34. Kxe2 Nxg3+ 0-1

[Event "Barcelona Sant Marti op-B 4th"]
[Site "Barcelona"]
[Date "2015.02.05"]
[Round "4"]
[White "Pascual Gonzalez, Novelles Carle"]
[Black "Permanyer Ugartemendia, Inaki"]
[Result "1-0"]
[WhiteElo "1990"]
[BlackElo "1878"]
[PlyCount "44"]
[EventDate "2015.01.15"]
[EventType "swiss"]
[EventRounds "9"]
[EventCountry "ESP"]
[SourceTitle "EXT 2016"]
[Source "ChessBase"]
[SourceDate "2015.10.08"]
[SourceVersion "1"]
[SourceVersionDate "2015.10.08"]
[SourceQuality "1"]

1. e4 c6 2. d4 d5 3. Nc3 dxe4 4. Nxe4 Bf5 5. Ng3 Bg6 6. Nf3 Nd7 7. Bd3 Bxd3 8. Qxd3 Ngf6 9. 0-0 e6 10. Re1 Be7 11. Bf4 0-0 12. c4 Nb6 13. Qe2 Re8 14. Be5 c5 15. Rad1 cxd4 16. Nxd4 Qc8 17. Nb5 Rd8 18. Nc7 Rb8 19. c5 Bxc5 20. Bxf6 gxf6 21. Qg4+ Kh8 22. Nh5 Rxd1 1-0

[Event "Barcelona Sant Marti op-B 4th"]
[Site "Barcelona"]
[Date "2015.01.29"]
[Round "3"]
[White "Permanyer Ugartemendia, Inaki"]
[Black "Olleta Tanya, Jordi"]
[Result "1-0"]
[WhiteElo "1878"]
[BlackElo "1761"]
[PlyCount "135"]
[EventDate "2015.01.15"]
[EventType "swiss"]
[EventRounds "9"]
[EventCountry "ESP"]
[SourceTitle "EXT 2016"]
[Source "ChessBase"]
[SourceDate "2015.10.08"]
[SourceVersion "1"]
[SourceVersionDate "2015.10.08"]
[SourceQuality "1"]

1. d4 Nf6 2. c4 d5 3. Nc3 c6 4. e3 g6 5. Nf3 Bf5 6. cxd5 Nxd5 7. Bd2 Nxc3 8. Bxc3 Bg7 9. Bc4 0-0 10. 0-0 e6 11. Nd2 Qh4 12. Qb3 b5 13. Be2 a5 14. a3 a4 15. Qd1 g5 16. h3 Nd7 17. Bf3 Rac8 18. Rc1 Nb8 19. Ba5 e5 20. dxe5 Bxe5 21. Bc3 Bc7 22. Ne4 Bxe4 23. Qd4 f6 24. Qxe4 Qxe4 25. Bxe4 c5 26. Rfd1 Kg7 27. Rd5 Na6 28. Rxg5+ Kh6 29. Rf5 Kg7 30. Bb7 Rb8 31. Bxa6 Rb6 32. Rxc5 Bd6 33. Rxb5 Rxa6 34. Rb7+ Kg6 35. Bb4 Rd8 36. Bxd6 Rdxd6 37. Rcc7 Rd1+ 38. Kh2 Rd2 39. Kg3 h6 40. e4 f5 41. Rg7+ Kh5 42. exf5 Rf6 43. Rgf7 Kg5 44. Rxf6 Kxf6 45. Rb5 Rd3+ 46. Kf4 Rd2 47. Ke3 Rc2 48. g4 Kg5 49. Kf3 h5 50. Kg3 hxg4 51. hxg4 Rc4 52. f3 Rc1 53. Rb6 Rg1+ 54. Kf2 Rb1 55. f6 Kg6 56. g5 Rc1 57. f4 Rc2+ 58. Kf3 Rc1 59. Rb4 Rc2 60. Rxa4 Rxb2 61. Ra7 Kf5 62. Ra5+ Kg6 63. a4 Rb3+ 64. Kg4 Rb7 65. Rb5 Rc7 66. a5 Ra7 67. f5+ Kf7 68. Re5 1-0